| 000 | 01097cab a2200373 4500 | ||
|---|---|---|---|
| 001 | ABS52505 | ||
| 008 | 090401t1994 xxu||||| |||| 00| 0 eng d | ||
| 035 | _a(Sirsi) u82357 | ||
| 041 | _aeng | ||
| 100 | _aMaxted, B. | ||
| 245 | _aProject finance secured on non-recourse loans | ||
| 260 | _c1994 | ||
| 350 | _a0 | ||
| 490 |
_aJournal of Property Finance _v5(3) (1994), 59-88(30) |
||
| 520 | _aAnalysis of bank lending to property 1984-1994 and the lending criteria of loan to value ratios and income to interest cover. | ||
| 650 | _aBANK LENDING | ||
| 650 | _aBANKS | ||
| 650 | _aCAPITAL VALUES | ||
| 650 | _aPROPERTY-COMMERCIAL PROPERTY | ||
| 650 | _aHISTORY | ||
| 650 | _aINTEREST TO INCOME COVER | ||
| 650 | _aLENDING CRITERIA | ||
| 650 | _aLOAN TO VALUE RATIO | ||
| 650 | _aPROPERTY CRASH | ||
| 650 | _aPROPERTY FINANCE | ||
| 650 | _aPROPERTY LENDING | ||
| 650 | _aPROPERTY MARKET | ||
| 650 | _aSTATISTICS | ||
| 650 | _aVALUATION ISSUES | ||
| 690 | _aPROPERTY-COMMERCIAL PROPERTY | ||
| 690 | _aFINANCE AND INVESTMENT | ||
| 942 | _n0 | ||
| 948 | _c04/03/1997 | ||
| 999 |
_c51981 _d51981 |
||